Manual para la gestión de los residuos urbanos
Salvato in:
| Ente Autore: | |
|---|---|
| Natura: | Libro |
| Lingua: | spagnolo |
| Pubblicazione: |
Madrid
Ecoiuris
2003
|
| Soggetti: | |
| Tags: |
Aggiungi Tag
Nessun Tag, puoi essere il primo ad aggiungerne!!
|
MARC
| LEADER | 00000nam a2200000 a 4500 | ||
|---|---|---|---|
| 001 | UCG2834 | ||
| 003 | CL-VaPUC | ||
| 008 | 100729e20030000SP |||||||||||||||||spa|d | ||
| 020 | |a 8497253663 | ||
| 082 | 0 | 4 | |a 628.4 |b GAR |2 21 |
| 110 | 2 | |a Garrigues Medio Ambiente Environmental Risk Consulting |e author |9 551468 | |
| 245 | 1 | 0 | |a Manual para la gestión de los residuos urbanos |
| 300 | |a 909 p | ||
| 942 | |c BK | ||
| 945 | |d 20100729 00:00:00 |a mfarfan | ||
| 260 | |a Madrid |b Ecoiuris |c 2003 | ||
| 650 | 0 | |a Residuos |9 343036 | |
| 650 | 0 | |a Gestión ambiental |9 338121 | |
| 650 | 7 | |a RESIDUOS DOMESTICOS |2 CL-VaPUC |9 363990 | |
| 650 | 7 | |a CONTROL DEL MEDIO AMBIENTE |2 CL-VaPUC |9 372003 | |
| 583 | |a last modification |c 20100729 00:00:00 |k Rodrigo Vera | ||
| 999 | |c 341956 |d 341954 | ||
| 952 | |0 0 |1 0 |4 0 |6 628_400000000000000_GAR_2003 |7 0 |8 A |9 437818 |a BIBING |b BIBING |d 2019-11-22 |i 4697103 |o 628.4 GAR 2003 |p 4697103 |r 2025-01-20 |w 2019-11-22 |y BK |k CCL | ||